Manual de corrección monetaria
Enregistré dans:
| Auteurs principaux: | , |
|---|---|
| Format: | Livre |
| Langue: | espagnol |
| Publié: |
Santiago
CEPET
1997
|
| Sujets: | |
| Tags: |
Ajouter un tag
Pas de tags, Soyez le premier à ajouter un tag!
|
MARC
| LEADER | 00000nam a2200000 a 4500 | ||
|---|---|---|---|
| 001 | UCT8489 | ||
| 003 | CL-VaPUC | ||
| 008 | 970326e19970000CL |||||||||||||||||spa|d | ||
| 082 | 0 | 4 | |a 332.41 |b CON |2 21 |
| 100 | 0 | |a Contreras Urzúa, Hugo |e author |9 380229 | |
| 700 | |a González Silva, Leonel |e author |9 409430 | ||
| 245 | 1 | 0 | |a Manual de corrección monetaria |
| 300 | |a 486 p | ||
| 942 | |c BK | ||
| 945 | |d 19970326 00:00:00 |a rleighto | ||
| 260 | |a Santiago |b CEPET |c 1997 | ||
| 650 | 0 | |a Corrección monetaria |9 371636 | |
| 650 | 7 | |a INDICE DE PRECIOS AL CONSUMIDOR |2 CL-VaPUC |9 318528 | |
| 650 | 0 | |a Capital |9 263726 | |
| 650 | 0 | |a Bienes |9 255749 | |
| 583 | |a last modification |c 19970326 00:00:00 |k Rodrigo Vera | ||
| 999 | |c 256985 |d 256983 | ||
| 952 | |0 0 |1 0 |4 0 |6 332_410000000000000_CON_1997 |7 0 |8 A |9 280172 |a BIBGIM |b BIBGIM |d 2019-11-19 |i 3295516 |o 332.41 CON 1997 |p 3295516 |r 2025-01-15 |w 2019-11-19 |y BK |k COM | ||
| 952 | |0 0 |1 0 |4 0 |6 332_410000000000000_CON_1997 |7 0 |8 A |9 280173 |a BIBGIM |b BIBGIM |d 2019-11-19 |i 3535835 |o 332.41 CON 1997 |p 3535835 |r 2025-01-15 |w 2019-11-19 |y BK |k GIM | ||
| 952 | |0 0 |1 0 |4 0 |6 332_410000000000000_CON_1997 |7 0 |8 A |9 280174 |a BIBGIM |b BIBGIM |d 2019-11-19 |i 3544710 |o 332.41 CON 1997 |p 3544710 |r 2025-01-15 |w 2019-11-19 |y BK |k COM | ||
| 952 | |0 0 |1 0 |4 0 |6 332_410000000000000_CON_1997 |7 0 |8 A |9 280175 |a BIBGIM |b BIBGIM |d 2019-11-19 |i 3565858 |o 332.41 CON 1997 |p 3565858 |r 2025-01-15 |w 2019-11-19 |y BK |k COM | ||
| 952 | |0 0 |1 0 |4 0 |6 332_410000000000000_CON_1997 |7 0 |8 A |9 280176 |a BIBGIM |b BIBGIM |d 2019-11-19 |i 3565874 |o 332.41 CON 1997 |p 3565874 |r 2025-01-15 |w 2019-11-19 |y BK |k COM | ||
| 952 | |0 0 |1 0 |4 0 |6 332_410000000000000_CON_1997 |7 0 |8 A |9 280177 |a BIBGIM |b BIBGIM |d 2019-11-19 |i 3565882 |o 332.41 CON 1997 |p 3565882 |r 2025-01-15 |w 2019-11-19 |y BK |k COM | ||
| 952 | |0 0 |1 0 |4 0 |6 332_410000000000000_CON_1997 |7 0 |8 A |9 280178 |a BIBGIM |b BIBGIM |d 2019-11-19 |i 3565866 |o 332.41 CON 1997 |p 3565866 |r 2025-01-15 |w 2019-11-19 |y BK |k COM | ||